000 01753cam a2200409I 4500
001 1829806
003 OCoLC
005 20221130123551.0
008 751112s1965 enk 001 0 eng
010 _a65008672
020 _a0521098424
020 _a9780521098427
020 _a0521067685
020 _a9780521067683
035 _atcgc206998
035 _a(OCoLC)01829806
_z(OCoLC)3715952
_z(OCoLC)8918824
_z(OCoLC)59001814
_z(OCoLC)224213294
_z(OCoLC)642901926
_z(OCoLC)874321929
_z(OCoLC)1023842005
_z(OCoLC)1079336050
040 _aDLC
_beng
_erda
_cFHM
_dFHM
_dm.c.
_dOCL
_dCGP
_dOTC
041 0 _aeng
_agrc
042 _apremarc
050 0 0 _aPA817
_b.W4
055 4 _bW474E
080 0 _a475-5
082 0 4 _a487.4
_218
_bW474E
100 1 _aWenham, John William.
_0https://id.loc.gov/authorities/names/n50004968
245 1 4 _aThe elements of New Testament Greek /
_cJ. W. Wenham.
264 1 _aCambridge [Eng.] :
_bUniversity Press,
_c1965.
300 _axi, 267 pages ;
_c22 cm
336 _atext
_btxt
_2rdacontent
337 _aunmediated
_bn
_2rdamedia
338 _avolume
_bnc
_2rdacarrier
500 _aBased on H.P.V. Nunn's The elements of New Testament Greek.
504 _aIncludes English-Greek glossary and index.
520 _aThis text presents 44 lessons and many exercises that introduce the elements of Greek essential to theological students reading the New Testament (in Greek). The vocabulary (glossary) is of particular use, including every word which appears more than 30 times in the New Testament.
650 0 _aGreek language, Biblical
_xGrammar.
_0https://id.loc.gov/authorities/subjects/sh2008105406
700 1 _aNunn, H. P. V.
_q(Henry Preston Vaughan).
_tElements of New Testament Greek.
942 _2ddc
_cBK
999 _c11082
_d11082